Online
Catalog

Poetica para un poeta; : (Record no. 8020)

MARC details
000 -CABECERA
campo de control de longitud fija 00949cam a22002411 4500
001 - NÚMERO DE CONTROL
campo de control 000008249
005 - FECHA Y HORA DE LA ÚLTIMA TRANSACCIÓN
campo de control 20200929161323.0
008 - DATOS DE LONGITUD FIJA--INFORMACIÓN GENERAL
campo de control de longitud fija 730809s1972 sp b 000 0 spa
040 ## - FUENTE DE LA CATALOGACIÓN
Centro catalogador/agencia de origen DO-SdBNP
Centro/agencia transcriptor OAkU
Centro/agencia modificador OCoLC
-- SpBaP
-- DLC
-- BNPHU
082 ## - NÚMERO DE LA CLASIFICACIÓN DECIMAL DEWEY
Número de clasificación 864.64
Número de documento/Ítem L925p
049 ## - FONDOS LOCALES (OCLC)
Fondos de biblioteca BNGR
100 2# - ENTRADA PRINCIPAL--NOMBRE DE PERSONA
Nombre de persona López Estrada, Francisco.
9 (RLIN) 15559
245 10 - MENCIÓN DE TÍTULO
Título Poetica para un poeta; :
Resto del título las "Cartas literarias a una mujer" de Becquer. /
Mención de responsabilidad, etc. Francisco López Estrada.
260 ## - PUBLICACIÓN, DISTRIBUCIÓN, ETC.
Lugar de publicación, distribución, etc. Madrid, :
Nombre del editor, distribuidor, etc. Gredos,
Fecha de publicación, distribución, etc. 1972.
300 ## - DESCRIPCIÓN FÍSICA
Extensión 246 p. ;
Dimensiones 21 cm.
490 0# - MENCIÓN DE SERIE
Mención de serie Biblioteca romanica hispanica. 2. Estudios y ensayos,
Designación de volumen o secuencia 176
504 ## - NOTA DE BIBLIOGRAFÍA, ETC.
Nota de bibliografía, etc. Incluye referencia bibiográfica al pie de páginas
600 10 - PUNTO DE ACCESO ADICIONAL DE MATERIA--NOMBRE DE PERSONA
Nombre de persona Becquer, Gustavo Adolfo,
Fechas asociadas al nombre 1836-1870.
Título de la obra Cartas literarias a una mujer.
9 (RLIN) 22369
650 #4 - PUNTO DE ACCESO ADICIONAL DE MATERIA--TÉRMINO DE MATERIA
Término de materia o nombre geográfico como elemento de entrada Ensayos españoles
9 (RLIN) 3095
650 #4 - PUNTO DE ACCESO ADICIONAL DE MATERIA--TÉRMINO DE MATERIA
Término de materia o nombre geográfico como elemento de entrada Literatura española
9 (RLIN) 632
830 #0 - PUNTO DE ACCESO ADICIONAL DE SERIE-TÍTULO UNIFORME
Título uniforme Biblioteca romanica hispanica.
Nombre de parte o sección de la obra 2. Estudios y ensayos,
Designación de volumen o secuencia 176
9 (RLIN) 22370
910 ## - DATOS DE OPCIÓN DEL USUARIO (OCLC)
Datos de opción del usuario Catalogación derivada
Holdings
Estado de retiro Estado de pérdida Restricciones de uso No para préstamo Código de colección Localización permanente Ubicación/localización actual Ubicación en estantería Fecha de adquisición Número de inventario Total de préstamos Signatura topográfica completa Código de barras Fecha visto por última vez Precio válido a partir de Tipo de ítem Koha
    Préstamo interno Préstamo restrigido Monografías: Libros y Folletos General General En encuadernación 15.09.2009 LF1   864.64 L925p 8249-10 25.06.2020 25.06.2020 Préstamo interno

Powered by Koha